[Event "Ljubljana"]
[Site "?"]
[Date "1995.??.??"]
[Round "?"]
[White "Yudasin, L."]
[Black "Shirov, A."]
[Result "1-0"]
[WhiteElo "2630"]
[BlackElo "2695"]
[PlyCount "75"]
[EventDate "1995.??.??"]
[Source "ChessBase"]
[SourceDate "1995.10.01"]

1. e4 c5 2. Nf3 d6 3. Bb5+ Bd7 4. Bxd7+ Nxd7 5. O-O Ngf6 6. Qe2 e6 7. b3 Be7 8. Bb2 O-O 9. c4 e5 10. Nc3 Ne8 11. Ne1 Nc7 12. Nc2 Ne6 13. Ne3 Bg5 14. g3 Nf6 15. Qd3 Qd7 16. Ncd5 Bxe3 17. Nxf6+ gxf6 18. fxe3 Qe7 19. Rf2 Ng7 20. Raf1 Ne8 21. Qe2 Kh8 22. Bc3 Rg8 23. b4 b6 24. bxc5 bxc5 25. Rb1 Rg6 26. Qd3 h5 27. Qd5 Rd8 28. Ba5 Rd7 29. Rb8 Kh7 30. Qa8 Rg8 31. Rf5 Kh6 32. Kf2 Qe6 33. d3 Re7 34. Bd8 Rd7 35. Bxf6 Nc7 36. Rxg8 Nxa8 37. g4 hxg4 38. Rxg4 1-0

[Event "Tilburg"]
[Site "?"]
[Date "1997.??.??"]
[Round "?"]
[White "Leko, P."]
[Black "Polgar, Judit"]
[Result "1/2-1/2"]
[WhiteElo "2635"]
[BlackElo "2670"]
[PlyCount "96"]
[EventDate "1997.??.??"]
[Source "ChessBase"]
[SourceDate "1997.06.01"]

1. e4 c5 2. Nf3 d6 3. Bb5+ Bd7 4. Bxd7+ Qxd7 5. O-O Nc6 6. b3 Nf6 7. Re1 g6 8. c3 Bg7 9. d4 d5 10. e5 Ne4 11. Bb2 cxd4 12. cxd4 O-O 13. Nbd2 f5 14. exf6 Nxd2 15. Ne5 Nxe5 16. dxe5 exf6 17. Qxd2 fxe5 18. Bxe5 Rf5 19. Bxg7 Qxg7 20. Rad1 Rd8 21. Re4 b6 22. Rd4 Qe7 23. Re1 Re5 24. Rxe5 Qxe5 25. g3 Kg7 26. Kg2 Rd7 27. h3 Rd8 28. h4 Rd7 29. Qd1 h5 30. Qd3 Kh7 31. Qe3 Qg7 32. Qd3 Qe5 33. Qe3 Qg7 34. Qe6 Qxd4 35. Qxd7+ Kh6 36. Qe7 a5 37. Kf3 Qg4+ 38. Ke3 d4+ 39. Kd3 Qd1+ 40. Kc4 Qc2+ 41. Kxd4 Qxf2+ 42. Qe3+ Qxe3+ 43. Kxe3 Kg7 44. Kf4 Kf6 45. Ke4 Ke6 46. a3 Kd6 47. Kd4 Ke6 48. Ke4 Kd6 1/2-1/2

[Event "38th New York Masters"]
[Site "New York"]
[Date "2002.12.17"]
[Round "4"]
[White "Benjamin, Joel"]
[Black "Nakamura, Hikaru"]
[Result "0-1"]
[WhiteElo "2688"]
[BlackElo "2614"]
[PlyCount "84"]
[EventDate "2002.12.17"]
[Source "Roberto Alvarez"]
[SourceDate "2003.05.19"]

1. e4 c5 2. Nf3 d6 3. Bb5+ Bd7 4. Bxd7+ Nxd7 5. O-O Ngf6 6. d3 g6 7. Re1 Bg7 8. c3 O-O 9. d4 e6 10. h3 Qb6 11. Nbd2 Rac8 12. Qa4 cxd4 13. cxd4 Qc7 14. b3 a6 15. Ba3 Rfd8 16. Bb4 Nb8 17. Qa3 Nc6 18. Rac1 a5 19. Bc3 b5 20. Ba1 Qb6 21. Qb2 Nb4 22. Qb1 Nd7 23. a3 Nc6 24. Qd3 e5 25. d5 Ne7 26. a4 Nc5 27. Qxb5 Qxb5 28. axb5 Rb8 29. Bc3 Nd3 30. Bxa5 Nxe1 31. Nxe1 Rdc8 32. Rc7 Rxb5 33. Rxe7 Rxa5 34. Nc4 Ra1 35. Kf1 Bf8 36. Rb7 Rb1 37. Rb5 Ra8 38. Na5 Bh6 39. Ke2 Rb2+ 40. Kf3 f5 41. Nd3 Rd2 42. Nb4 fxe4+ 0-1

[Event "Linares"]
[Site "?"]
[Date "1995.??.??"]
[Round "?"]
[White "Short, Nigel D"]
[Black "Tiviakov, Sergei"]
[Result "0-1"]
[WhiteElo "2655"]
[BlackElo "2625"]
[PlyCount "36"]
[EventDate "1995.??.??"]
[Source "www.chesslib.no"]
[SourceDate "2004.05.04"]

1. e4 c5 2. Nf3 d6 3. Bb5+ Bd7 4. Bxd7+ Nxd7 5. O-O Ngf6 6. Re1 e6 7. c3 Be7 8. d4 O-O 9. e5 Ne8 10. exd6 Nxd6 11. d5 exd5 12. Qxd5 Rc8 13. Bf4 Nb6 14. Qd1 Re8 15. Na3 Ne4 16. Qc2 Qd4 17. Kf1 Qd5 18. Qc1 g5 0-1

[Event "Milan"]
[Site "?"]
[Date "1975.??.??"]
[Round "?"]
[White "Larsen, Bent"]
[Black "Tal, Mikhail N"]
[Result "0-1"]
[WhiteElo "2625"]
[BlackElo "2645"]
[PlyCount "81"]
[EventDate "1975.??.??"]
[Source "www.chesslib.no"]
[SourceDate "2004.05.04"]

1. e4 c5 2. Nf3 d6 3. Bb5+ Bd7 4. Bxd7+ Qxd7 5. O-O Nc6 6. Re1 Nf6 7. d3 e6 8. Bg5 Be7 9. Nbd2 h6 10. Bh4 O-O 11. Nc4 Ng4 12. Bxe7 Qxe7 13. a4 Rfd8 14. Qd2 Nf6 15. Na5 Qc7 16. Nxc6 Qxc6 17. b3 b6 18. Qe2 a6 19. Nd2 e5 20. Nc4 Re8 21. Qf3 Rad8 22. h3 Re6 23. Re2 b5 24. Ne3 d5 25. exd5 Nxd5 26. Nxd5 Rxd5 27. axb5 axb5 28. Qe4 g6 29. Ra5 Red6 30. Re1 Kh7 31. Ra7 Rd7 32. Rea1 Rxa7 33. Rxa7 Qe6 34. Rb7 b4 35. Qc4 Kg7 36. Qb5 e4 37. dxe4 Rd1+ 38. Kh2 Qe5+ 39. g3 Qxe4 40. g4 Rh1+ 41. Kg3 0-1

[Event "EST-Leningrad m"]
[Site "Tallinn EST"]
[Date "1975.??.??"]
[Round "?"]
[White "Keres, Paul"]
[Black "Korchnoi, Viktor L"]
[Result "1/2-1/2"]
[WhiteElo "2565"]
[BlackElo "2665"]
[PlyCount "66"]
[EventDate "1975.05.??"]
[Source "www.chesslib.no"]
[SourceDate "2004.05.04"]

1. e4 c5 2. Nf3 d6 3. Bb5+ Bd7 4. Bxd7+ Nxd7 5. O-O Ngf6 6. Re1 e6 7. c4 Ne5 8. Nc3 Be7 9. d3 O-O 10. a3 Nfd7 11. h3 Nxf3+ 12. Qxf3 Ne5 13. Qd1 Bf6 14. Be3 Nc6 15. Rb1 Bxc3 16. bxc3 b6 17. f4 Qd7 18. Bf2 f6 19. Rb2 Rab8 20. Bg3 Rb7 21. Qf3 Ne7 22. Reb1 Qc6 23. Qg4 e5 24. Rf2 Qd7 25. Qh5 Nc6 26. Rbf1 b5 27. Qd1 Qe6 28. Rb2 Rfb8 29. Qb1 a6 30. Rff2 Qf7 31. cxb5 axb5 32. fxe5 dxe5 33. Rfd2 b4 1/2-1/2

[Event "Moscow RUS"]
[Site "?"]
[Date "2004.02.18"]
[Round "2"]
[White "Rublevsky Sergei"]
[Black "Karjakin Sergey"]
[Result "1/2-1/2"]
[WhiteElo "2649"]
[BlackElo "2576"]
[PlyCount "87"]
[EventDate "2004.??.??"]
[Source "www.chesslib.no"]
[SourceDate "2004.05.04"]

1. e4 c5 2. Nf3 d6 3. Bb5+ Bd7 4. Bxd7+ Qxd7 5. O-O Nf6 6. Qe2 Nc6 7. c3 e6 8. d4 cxd4 9. cxd4 d5 10. e5 Ne4 11. Be3 Be7 12. Ne1 f5 13. f3 Ng5 14. Nd3 O-O 15. Nc3 Rac8 16. h3 Nf7 17. g4 Nh8 18. Rac1 Ng6 19. Kh2 Na5 20. b3 Nc6 21. Qd2 Nh4 22. Kg3 Ng6 23. Ne2 b6 24. Rc2 a5 25. a4 Bb4 26. Nxb4 Nxb4 27. Rxc8 Rxc8 28. Rc1 Rxc1 29. Qxc1 Ne7 30. Nf4 Kf7 31. Qd2 b5 32. Nh5 Ng8 33. gxf5 exf5 34. Nf4 Ke8 35. Qc1 bxa4 36. bxa4 Qxa4 37. Qc3 Qc2 38. Qa3 Qa2 39. Qc3 Qc4 40. Qa3 Qb5 41. Ne6 Kf7 42. Ng5+ Ke8 43. Ne6 Kf7 44. Ng5+ 1/2-1/2

[Event "DE BL"]
[Site "?"]
[Date "1982.??.??"]
[Round "?"]
[White "Hort, Vlastimil"]
[Black "Huebner, Robert"]
[Result "0-1"]
[WhiteElo "2590"]
[BlackElo "2620"]
[PlyCount "77"]
[EventDate "1982.??.??"]
[Source "www.chesslib.no"]
[SourceDate "2004.05.04"]

1. e4 c5 2. Nf3 d6 3. Bb5+ Bd7 4. Bxd7+ Qxd7 5. O-O Nc6 6. c3 Nf6 7. Qe2 e6 8. d4 cxd4 9. cxd4 d5 10. e5 Ne4 11. Nbd2 Nxd2 12. Bxd2 Be7 13. Rac1 O-O 14. Rc2 Rac8 15. Rfc1 a6 16. h4 Bxh4 17. Rxc6 Rxc6 18. Nxh4 Rxc1+ 19. Bxc1 Qa4 20. Qg4 Kh8 21. a3 Qc2 22. Qf4 Kg8 23. b4 Rc8 24. Be3 Qd1+ 25. Kh2 Qh5 26. g3 Rc3 27. a4 Rb3 28. Kg2 Rxb4 29. a5 Rb1 30. Qf3 Qxf3+ 31. Nxf3 b6 32. axb6 a5 33. Bg5 a4 34. Be7 Rxb6 35. Ne1 Rb2 36. Bc5 h5 37. Nd3 a3 38. Bxa3 Rb3 39. f4 0-1